01608nam a2200361 i 4500003000900000005001700009007000300026008004100029020001800070040003000088041000800118082003000126100006100156245011000217250004200327264004800369300004500417336002700462337002700489338002800516500008200544500007100626504003900697590002600736600005900762651008600821651008400907700004800991910003801039942001401077952013801091999001701229DO-SdBNP20260305073959.0ta220509b2009 dr a|||| |||| 00| 0 spa d z9789945140279 aDO-SdBNPbspacBNPHUerda aspa 4a972.93053bG984t 20092221 aGutiérrez Félix, Euclides,d1936-95673eautor4aut.10aTrujillo :bmonarca sin corona /cEuclides Gutiérrez Félix ; cuidado de edición, Cándido Gerón. aCuarta edición ampliada y corregida 4aSanto Domingo :bEditora Corripio,c©2009. a669 páginas :bilustraciones ;c25 cm. atextobtxt2rdacontent avolumenbn2rdacarrier avolumenbnc2rdacarrier aIncluye datos biográficos del autor en las solapas e índice onomástico aIncluye referencias bibliográficas y notas al pie de las paginas aBibliografía : páginas 647-654 aInventariado, 2022/BT14aTrujillo Molina, Rafael Leónidas,d 1891-1961976764 4aRepública DominicanaxHistoriayEra de Trujillo, 1930-1961xFuentes924162LEMB 7aRepública DominicanaxPolítica y gobiernoyEra de Trujillo, 1930-19612LEMB1 aGerón, Candido,d1948-eeditor4ed.93577 aValidado. Control de calidad. MFF 2ddccLBS1 00102ddc53708PDaBNPHUbBNPHUcHDd2022-05-09eDonaciónoBNPHU PD 972.93053 G984t 2009p2022-1856r2022-05-09w2022-05-09yLBS1 c51661d51661